Les cellules B des ilots de Langerhans dans la lutte contre le diabete sucré pancréatique / (Record no. 112303)

MARC details
000 -LEADER
campo de control de longitud fija 00536nam a2200169 4500
001 - NÚMERO DE CONTROL
campo de control 112303
003 - IDENTIFICADOR DE NÚMERO DE CONTROL
campo de control ES-MaACL
005 - FECHA Y HORA DE LA ÚLTIMA TRANSACCIÓN
campo de control 20230906185512.0
007 - CAMPO FIJO DE DESCRIPCIÓN FÍSICA--INFORMACIÓN GENERAL
campo de control de longitud fija t|
008 - DATOS DE LONGITUD FIJA--INFORMACIÓN GENERAL
campo de control de longitud fija 061121s1960 sz r ||||1| fre d
100 1# - ENTRADA PRINCIPAL--NOMBRE DE PERSONA
Nombre de persona Niehans, Paul.
9 (RLIN) 85629
245 14 - MENCIÓN DEL TÍTULO
Título Les cellules B des ilots de Langerhans dans la lutte contre le diabete sucré pancréatique /
Mención de responsabilidad, etc. Paul Niehans.
260 ## - PUBLICACIÓN, DISTRIBUCIÓN, ETC.
Lugar de publicación, distribución, etc. Berne [etc.] :
Nombre del editor, distribuidor, etc. Hans Hüber,
Fecha de publicación, distribución, etc. 1960.
300 ## - DESCRIPCIÓN FÍSICA
Extensión 18 p. ;
Dimensiones 21 cm.
852 ## - LOCALIZACIÓN
Ubicación ES-MaACL
Número de control de estantería 2023-F-3
Sublocalización o colección R.48444
852 ## - LOCALIZACIÓN
Ubicación ES-MaACL
Número de control de estantería 2058-F-25
Sublocalización o colección R.63799
Holdings
Estatus retirado Estado de pérdida Estado de daño No para préstamo Colección Biblioteca de origen Biblioteca actual Ubicación en estantería Fecha de adquisición Fuente de adquisición Total de préstamos Signatura topográfica completa Código de barras Visto por última vez Precio de reemplazo Tipo de ítem Koha
        Colección de folletos Biblioteca del Ateneo de Madrid Biblioteca del Ateneo de Madrid Depósito folletos 17/01/2008     2058-F-25 1117150 23/02/2023 23/02/2023 Folleto
        Colección de folletos Biblioteca del Ateneo de Madrid Biblioteca del Ateneo de Madrid Depósito folletos 17/01/2008     2023-F-3 1117149 23/02/2023 23/02/2023 Folleto